| 000 | 005410000a22001810004500 | ||
|---|---|---|---|
| 003 | MACL | ||
| 005 | 20160401151959.0 | ||
| 008 | 160401b xxu||||| |||| 00| 0 eng d | ||
| 040 |
_aMACL _cMACL |
||
| 041 | _aHindi | ||
| 082 | _a398 | ||
| 100 |
_aडॉ शिवानन्द नौटियाल _949702 |
||
| 245 | _aगढवाल के लोकनृत्य | ||
| 260 |
_bअमित प्रकाशन _c2008 _aगाजियाबाद |
||
| 350 | _a300 | ||
| 650 |
_aFolklore _949703 |
||
| 942 |
_cHIN _k398 _2ddc |
||
| 999 |
_c22009 _d22009 |
||